00542 2200181 4500001002100000005001500021035002000036007000300056008004100059020001800100082001000118084001600128100001600144245010100160260004200261300003500303650002200338INLIS00000000000143220260603082451 a0010-0626000004ta260603 0 ind  a9786232444461 a158.1 a158.1 AST t0 aAsti Musman1 aThe Power of Ikigai :bdan Rahasia Hidup Bahagia ala Orang-Orang di Dunia Lainnya /cAsti Musman aYogyakarta :bPsikologi Corner,c2020 a234 hlm :bilus, ;c20 x 14 cm aPENGEMBANGAN DIRI